احالة الطلبة ذوي صعوبات التعلم الى غرف المصادر وعلاقته بالتسرب المدرسي من وجهة نظر اولياء الامور=Referring Students With Learning Disabilities to Resource Rooms and its Relationship to School Dropout From the parents' Point of View / (Record no. 32384)
[ view plain ]
| 000 -LEADER | |
|---|---|
| fixed length control field | 01315nam a2200253Ii 4500 |
| 003 - CONTROL NUMBER IDENTIFIER | |
| control field | JO-AjNU |
| 005 - DATE AND TIME OF LATEST TRANSACTION | |
| control field | 20240630111534.0 |
| 008 - FIXED-LENGTH DATA ELEMENTS--GENERAL INFORMATION | |
| fixed length control field | 230605s9999||||xx |||||||||||||| ||und|| |
| 040 ## - CATALOGING SOURCE | |
| Original cataloging agency | JO-AjNU |
| Language of cataloging | ara |
| Description conventions | rda |
| Transcribing agency | JO-AjNU |
| 041 ## - LANGUAGE CODE | |
| Language code of text/sound track or separate title | ara |
| 050 14 - LIBRARY OF CONGRESS CALL NUMBER | |
| Classification number | LB1027.5.2022 |
| 100 #1 - MAIN ENTRY--PERSONAL NAME | |
| Personal name | ابو واكد بيان احمد عطوة |
| Relator term | معد |
| 9 (RLIN) | 65950 |
| 245 00 - TITLE STATEMENT | |
| Title | احالة الطلبة ذوي صعوبات التعلم الى غرف المصادر وعلاقته بالتسرب المدرسي من وجهة نظر اولياء الامور=Referring Students With Learning Disabilities to Resource Rooms and its Relationship to School Dropout From the parents' Point of View / |
| Statement of responsibility, etc. | اعداد بيان احمد عطوة ابو واكد |
| 260 ## - PUBLICATION, DISTRIBUTION, ETC. | |
| Date of publication, distribution, etc. | 2022 |
| 300 ## - PHYSICAL DESCRIPTION | |
| Extent | 110ورقة |
| 336 ## - CONTENT TYPE | |
| Content type term | text |
| Content type code | txt |
| Source | rdacontent |
| 337 ## - MEDIA TYPE | |
| Media type term | unmediated |
| Media type code | n |
| Source | rdamedia |
| 338 ## - CARRIER TYPE | |
| Carrier type term | volume |
| Carrier type code | nc |
| Source | rdacarrier |
| 500 ## - GENERAL NOTE | |
| General note | رسالة جامعية(اطروحة ماجستير) تخصص صعوبات التعلم/كلية العلوم التربوية، جامعة عجلون الوطنية، 2022 |
| 650 #4 - SUBJECT ADDED ENTRY--TOPICAL TERM | |
| Topical term or geographic name entry element | التسرب المدرسي-صعوبات تعلم |
| 9 (RLIN) | 63516 |
| 700 #1 - ADDED ENTRY--PERSONAL NAME | |
| Personal name | محمد عمر ابو الرب |
| 9 (RLIN) | 64717 |
| Relator term | مشرف |
| 700 #1 - ADDED ENTRY--PERSONAL NAME | |
| Personal name | الكناني، ريم عبدالله |
| 9 (RLIN) | 64923 |
| Relator term | مشرف مشارك |
| 942 ## - ADDED ENTRY ELEMENTS (KOHA) | |
| Source of classification or shelving scheme | Library of Congress Classification |
| Koha item type | Thesis |
| Withdrawn status | Lost status | Source of classification or shelving scheme | Damaged status | Not for loan | Home library | Current library | Shelving location | Date acquired | Total Checkouts | Full call number | Barcode | Date last seen | Price effective from | Koha item type |
|---|---|---|---|---|---|---|---|---|---|---|---|---|---|---|
| Library of Congress Classification | مكتبة جامعة عجلون الوطنية | مكتبة جامعة عجلون الوطنية | المراجع | 30/06/2024 | LB1027.5.2022 | A28816 | 06/06/2023 | 30/06/2024 | Thesis | |||||
| Library of Congress Classification | مكتبة جامعة عجلون الوطنية | مكتبة جامعة عجلون الوطنية | المراجع | 30/06/2024 | LB1027.5.2022 | A28817 | 30/06/2024 | 30/06/2024 | Thesis |